| 000 | 00789nam a2200253 a 4500 | ||
|---|---|---|---|
| 999 |
_c12605 _d12605 |
||
| 001 | 12605 | ||
| 003 | BD-JhCC | ||
| 005 | 20221015102023.0 | ||
| 008 | 221015s20122021bg |||| |||| 000 0 ban d | ||
| 020 | _a9847012002308 | ||
| 035 | _a(BD-JhCC)12605 | ||
| 040 |
_aBD-JhCC _dBD-JhCC |
||
| 041 | _abeg | ||
| 082 |
_a923 _bRAS 2021 |
||
| 100 | _aরশীদ, মামুন | ||
| 245 |
_aডিরোজিও / _cমামুন রশীদ |
||
| 260 |
_aঢাকা : _bকথাপ্রকাশ, _c২০২১ |
||
| 300 |
_a৪৮ পৃ. : _c২১ সেমি. |
||
| 490 | _aজীবনী গ্রন্থমালা | ||
| 504 | _aগ্রন্থপঞ্জি অন্তর্ভূক্ত। | ||
| 600 | _aDerozio | ||
| 650 | _aBiography | ||
| 942 |
_2ddc _cBK |
||